Największe wyspy państw - Statystyki

Ogólne statystyki
  • Ten quiz został rozwiązany 38 razy
    29 od ostatniego zresetowania
  • Średni wynik to 11 z 18
Statystyki odpowiedzi
Państwo Powierzchnia wyspy Nazwa wyspy % Poprawnych
Dania 2 166 000 km² Grenlandia
100%
Włochy 25 711 km² Sycylia
92%
Wielka Brytania 209 331 km² Wielka Brytania
92%
Grecja 8 450 km² Kreta
88%
Japonia 227 960 km² Honsiu
80%
Hiszpania 3 640 km² Majorka
80%
Indonezja 539 460 km² Borneo
76%
Nowa Zelandia 150 437 km² Wyspa Południowa
72%
Tanzania 1 658 km² Zanzibar
64%
Szwecja 3 184 km² Gotlandia
56%
Chiny 33 210 km² Hajnan
48%
Jemen 3 792 km² Sokotra
48%
Kanada 507 451 km² Ziemia Baffina
48%
Rosja 72 492 km² Sachalin
40%
Wyspy Świętego Tomasza i Książęca 859 km² Wyspa Świętego Tomasza
32%
Francja 18 576 km² Nowa Kaledonia
24%
Stany Zjednoczone 10 432 km² Hawaiʻi
16%
Korea Południowa 1 849 km² Jeju-Do
4%
Nie znaleziono quizów pasujących do podanych kryteriów
Rozkład punktacji
Procent ludzi z każdym wynikiem
Percentyl według liczby udzielonych odpowiedzi
Twoja historia wyników
Nie rozwiązałeś tego quizu od ostatniego zresetowania